| 000 | 00897nam a2200241Ia 4500 | ||
|---|---|---|---|
| 999 |
_c37185 _d37185 |
||
| 001 | 3141 | ||
| 003 | GE_BSU | ||
| 005 | 20221102161021.0 | ||
| 008 | 181216s1997ru xx |||||||||||||| ||rus|| | ||
| 020 | _a5881240022 | ||
| 040 | _cGE_BSU | ||
| 041 | _arus | ||
| 080 | _a330.3(470) У- 84 | ||
| 100 |
_aУткин, Э.А. _915748 |
||
| 245 |
_aАнтикризисное управление. Учебник. Ассоциация авторов и издателей , _bТАНДЕМ / _cЭ.А. Уткин. |
||
| 264 |
_aМосква : _bЭКМОС, _c1997. |
||
| 300 | _a400 ст.: | ||
| 500 | _aБиблиогр.сс.: 395- 400 | ||
| 541 | _h7 л.Л 450 Т. | ||
| 653 | _aАнтикризисное управление.Учебник. | ||
| 653 | _aანტიკრიზისული მენეჯმენტი.სახელმძღვანელო. | ||
| 942 |
_cBK _2udc |
||